| 000 | 00638nam a2200217Ia 4500 | ||
|---|---|---|---|
| 005 | 20241129104212.0 | ||
| 008 | 241129s9999||||xx |||||||||||||| ||und|| | ||
| 020 | _a9780745340869 | ||
| 037 | _aTextual | ||
| 040 |
_aRTL _beng _cRTL |
||
| 041 |
_aeng _2eng |
||
| 084 |
_aY9(X:97):(W:5) R0 _qRTL |
||
| 100 |
_aOvetz Robert _9725215 |
||
| 245 | 0 |
_aWorkers' inquiry and global class struggle: Strategies tactics objectives _cOvetz Robert |
|
| 260 |
_aLondon _bPluto Press _c2020 |
||
| 300 | _a272p. | ||
| 365 |
_aINR _b2288.65 |
||
| 650 | _aSociology | ||
| 942 |
_cTB _hY9(X:97):(W:5) R0 |
||
| 999 |
_c1224856 _d1224856 |
||